| 000 | 00612nam a2200193Ia 4500 | ||
|---|---|---|---|
| 003 | OSt | ||
| 005 | 20260105123859.0 | ||
| 008 | 210210b1903 xxu||||| |||| 00| 0 eng d | ||
| 040 | _cAL | ||
| 041 | _aKannada | ||
| 082 | _a859/1721 | ||
| 100 |
_aVIRESHALINGAM PANT _9156387 _dವಿರೇಶಲಿಂಗಂ ಪಂತ್ |
||
| 245 |
_aSatyaraja purvadesha yatregalu _bಸತ್ಯರಾಜ ಪೂರ್ವದೇಶ ಯಾತ್ರೆಗಳು |
||
| 260 |
_a- _b- _c1903 |
||
| 690 |
_aKannada Fiction _9156388 |
||
| 700 |
_aB S Rao _dಬಿ ಎಸ್ ರಾವ್ _9250129 |
||
| 906 | _a022441 | ||
| 942 |
_2ddc _cBK |
||
| 999 |
_c146845 _d146845 |
||